| 000 | 00906nam a22002297a 4500 | ||
|---|---|---|---|
| 005 | 20240530110442.0 | ||
| 008 | 150421s2011 su ao g b 000 0 ara d | ||
| 017 |
_a1431/8829 _bالسعودية . مكتبة الملك فهد الوطنية |
||
| 020 | _a9786038005705 | ||
| 040 | _aEG-CaGPL | ||
| 082 | 0 | 4 |
_221 _a371.91\ _bإ خ |
| 100 | 0 | _aايهاب الببلاوى | |
| 245 | 1 | 2 |
_aالخدمات المساندة لذوى الاحتياجات الخاصة / _cايهاب الببلاوى |
| 250 | _aط1 | ||
| 260 |
_aالرياض : _bدار الزهراء للنشر و التوزيع ، _c2011. |
||
| 300 |
_a683 ص : _bصور ؛ _c24 سم. |
||
| 504 | _aببليوجرافية : ص 645 - 683 | ||
| 650 | 0 | 4 |
_aالمعوقون _xرعاية و علاج |
| 650 | 0 | 4 |
_aالمعوقون _xرعاية و علاج _zالسعودية |
| 942 |
_2ddc _cBK |
||
| 999 |
_c61060 _d61060 |
||